00514nam a2200169Ia 4500008004100000040001800041041000800059100003500067245004000102250001300142260005700155300001800212490002700230650002500257650003100282650003100313130821s1973 ag gr spa  aCo-BoUCMbspa00aspa1 aHernández, Joséd1834-194510aMartín FierrocJosé Hernández a17a. Ed. aBuenos Aires (Argentina)bEditora Espasa-Calpec1973 a177 páginas aColección Australv804aLiteratura argentina04aLiteratura latinoamericana04aPoesía épica argentina